Úprava fréz plazmovým leštením v elektrolyte

Salvato in:
Dettagli Bibliografici
Autore principale: Urík, Vladimír (Autore)
Altri autori: Vopát, Tomáš (Relatore della tesi)
Natura: Manoscritto Libro
Lingua:slovacco
Pubblicazione: 2024
Soggetti:
Accesso online:http://is.stuba.sk/zp/portal_zp.pl?podrobnosti=177980
Tags: Aggiungi Tag
Nessun Tag, puoi essere il primo ad aggiungerne!!

MARC

LEADER 00000ntm a22000003a 4500
001 stuzp96734
003 SK-STU
005 20240608210921.8
007 ta
008 150427s2015----xo-----f-mn---000-0-slo-d
040 |a STU  |b slo 
041 0 |a slo 
100 1 |a Urík, Vladimír  |u 063000  |k Z4  |4 aut  |U MTF Materiálovotechnologická fakulta  |T MTF Ústav výrobných technológií  |X 98729  |U M3000  |Y 83  |7 98729 
242 0 1 |a Treatment of milling cutters by plasma discharges in electrolyte  |y eng 
245 1 0 |a Úprava fréz plazmovým leštením v elektrolyte 
260 |c 2024 
650 4 |a mikrogeometria  |2 slo 
650 4 |a zaoblenie reznej hrany  |2 slo 
650 4 |a plazmové leštenie v elektrolyte  |2 slo 
650 4 |a rektifikácia  |2 slo 
650 4 |a rectification  |2 eng 
650 4 |a microgeometry  |2 eng 
650 4 |a cutting edge radius  |2 eng 
650 4 |a plasma polishing in electrolyte  |2 eng 
700 1 |a Vopát, Tomáš  |u 063200  |k Z2  |4 ths  |U MTF Ústav výrobných technológií  |T MTF Katedra obrábania a počítačovej podpory technológií  |X 48548  |U M3200  |Y 164  |7 A000048548 
856 4 |u http://is.stuba.sk/zp/portal_zp.pl?podrobnosti=177980 
996 |c M* DP-15452  |l MMSKP  |s P  |a 0  |w stuzp96734_0001